Logos de marques par lettre - K - Statistiques

Statistiques générales
  • Ce quiz a été pris 39 823 fois
    39 471 depuis la dernière actualisation
  • Le résultat moyen est 11 sur 16
Statistiques - réponses
Par images Hint Réponse % Correct
Restauration KFC
99%
Alimentaire Kiri
96%
Émission TV Koh-Lanta
93%
Alimentaire Kellogg’s
92%
Automobile Kia
84%
Sport Kappa
83%
Alimentaire Kit Kat
83%
Divertissement King Jouet
81%
Mode Kenzo
75%
Boisson Kronenbourg
66%
Santé Krys
63%
Alimentaire Knorr
59%
Photographie Kodak
59%
Compagnie aérienne KLM
40%
Alimentaire Kühne
37%
Alimentaire Ker Cadélac
20%
Aucun quiz correspondant
Distribution des résultats
% des personnes avec chaque résultat
Percentile par nombre de réponses
Votre historique - résultats
Vous n’avez pas pris ce quiz depuis la dernière actualisation